| 000 | 00750nam a22002657a 4500 | ||
|---|---|---|---|
| 001 | BR7904495 | ||
| 003 | BR-BrBNA | ||
| 005 | 20230928090041.0 | ||
| 007 | ta | ||
| 008 | 230509b bl.||||| |||| 00| 0 por d | ||
| 040 |
_aBR-BrBNA _bpor _cBiblioteca Nacional de Agricultura |
||
| 041 | _a(Por) | ||
| 072 |
_aE10 _b/G514 |
||
| 090 | _ E10 BR7904495 | ||
| 100 | 1 | _aCarvalho, O. de | |
| 245 | 1 | _aDesenvolvimento regional, um problema politico [Brasil] | |
| 260 | 3 |
_aRio de Janeiro, RJ (Brasil): _bCampus, _c1979. |
|
| 300 | _a292 p. | ||
| 500 | _aBibliography p. 281-292 (138 ref.); 17 tables | ||
| 650 | _aMacroeconomia | ||
| 650 | _aDesenvolvimento economico | ||
| 650 | _aNordeste | ||
| 909 |
_a202309 _bLucia _c55 _dLucia Elande |
||
| 942 | _cBK | ||
| 999 |
_c27598 _d27598 |
||